Économie du développement : De Bandoeng à la mondialisation (notice n° 1568809)
[ vue normale ]
| 000 -LEADER | |
|---|---|
| fixed length control field | 01288cam a2200133 4500500 |
| 005 - DATE AND TIME OF LATEST TRANSACTION | |
| control field | 20251214005357.0 |
| 041 ## - LANGUAGE CODE | |
| Language code of text/sound track or separate title | fre |
| 042 ## - AUTHENTICATION CODE | |
| Authentication code | dc |
| 100 10 - MAIN ENTRY--PERSONAL NAME | |
| Personal name | Treillet, Stéphanie |
| Relator term | author |
| 245 00 - TITLE STATEMENT | |
| Title | Économie du développement : De Bandoeng à la mondialisation |
| 260 ## - PUBLICATION, DISTRIBUTION, ETC. | |
| Name of publisher, distributor, etc. | Armand Colin,<br/> |
| Date of publication, distribution, etc. | 2018.<br/> |
| 520 ## - SUMMARY, ETC. | |
| Summary, etc. | Le processus de développement comporte de multiples facettes (démographie, question agraire, inégalités, dimension de genre) et fait l’objet de controverses théoriques. Cet ouvrage propose une réflexion sur la notion de développement en économie, dans le contexte de la mondialisation. Il prend la mesure de l’évolution contemporaine des politiques de développement, à travers la mise en place des Stratégies de réduction de la pauvreté, et des nouveaux défis posés par le développement durable. Il explore également les incertitudes ouvertes par l’émergence de plusieurs grandes économies. Chaque chapitre de synthèse est assorti de textes historiques et contemporains ou de documents statistiques portant sur différents aspects du développement. Des compléments sont disponibles dans la rubrique "ressources numériques". |
| 856 41 - ELECTRONIC LOCATION AND ACCESS | |
| Uniform Resource Identifier | <a href="https://shs.cairn.info/economie-du-developpement--9782200621254?lang=fr&redirect-ssocas=7080">https://shs.cairn.info/economie-du-developpement--9782200621254?lang=fr&redirect-ssocas=7080</a> |
Pas d'exemplaire disponible.




Réseaux sociaux